Biblioteca y Centro de Documentación

Vista normal Vista MARC

Entrada Nombre personal

Número de registros utilizados en: 1

001 - NÚMERO DE CONTROL

  • Campo de control: 36230

003 - IDENTIFICADOR DE NÚMERO DE CONTROL

  • Campo de control: ES-MaCES

005 - FECHA Y HORA DE LA ULTIMA MODIFICACION

  • Campo de control: 20151125113130.0

008 - ELEMENTOS DE DATOS DE LONGITUD FIJA

  • Campo de longitud fija: 151123|| azz||aabn | a|a d

040 ## - FUENTE DE LA CATALOGACIÓN

  • Agencia original de catalogación: ES-MaCES

100 1# - ENCABEZAMIENTO--NOMBRE DE PERSONA

  • Nombre personal: Bensaïd, Daniel
  • Fechas asociadas a un nombre: 1946-2010
  • Título de una obra: Karl Marx, los ladrones de leña y los derechos de los desposeídos

670 ## - FUENTE DE DATOS ENCONTRADOS

  • Información encontrada: CD del CES
© CES, Consejo Económico y Social de España 2021